<?xml version="1.0" encoding="UTF-8"?>
<record
    xmlns:xsi="http://www.w3.org/2001/XMLSchema-instance"
    xsi:schemaLocation="http://www.loc.gov/MARC21/slim http://www.loc.gov/standards/marcxml/schema/MARC21slim.xsd"
    xmlns="http://www.loc.gov/MARC21/slim">

  <leader>02875nam a22003617a 4500</leader>
  <controlfield tag="003">DO-SdBNP</controlfield>
  <controlfield tag="005">20260305074000.0</controlfield>
  <controlfield tag="007">ta</controlfield>
  <controlfield tag="008">110301s2002    dr ac    e    000 0 spa d</controlfield>
  <datafield tag="020" ind1=" " ind2=" ">
    <subfield code="a">9993483184</subfield>
  </datafield>
  <datafield tag="040" ind1=" " ind2=" ">
    <subfield code="a">DO-SdBNP</subfield>
    <subfield code="b">spa</subfield>
    <subfield code="c">BNPHU</subfield>
  </datafield>
  <datafield tag="041" ind1=" " ind2=" ">
    <subfield code="a">spa</subfield>
    <subfield code="d">eng</subfield>
  </datafield>
  <datafield tag="082" ind1=" " ind2="4">
    <subfield code="a">709.7293</subfield>
    <subfield code="b">G377s</subfield>
    <subfield code="2">22</subfield>
  </datafield>
  <datafield tag="100" ind1="1" ind2=" ">
    <subfield code="a">Ger&#xF3;n, Candido,</subfield>
    <subfield code="d">1948-</subfield>
    <subfield code="9">3577</subfield>
  </datafield>
  <datafield tag="245" ind1="1" ind2="0">
    <subfield code="a">Siglo XX en las artes visuales dominicanas = The XX century in dominican visual arts /</subfield>
    <subfield code="c">C&#xE1;ndido Ger&#xF3;n ; traducci&#xF3;n, Altagracia Amelia Cabral ; fotograf&#xED;as, Luis Nova, Ricardo Thorman, Rub&#xE9;n Rom&#xE1;n, V&#xED;ctor Eugenio Cortina.</subfield>
  </datafield>
  <datafield tag="246" ind1=" " ind2=" ">
    <subfield code="a">The XX century in dominican visual arts</subfield>
  </datafield>
  <datafield tag="260" ind1=" " ind2=" ">
    <subfield code="a">Santo Domingo :</subfield>
    <subfield code="b">Corripio,</subfield>
    <subfield code="c">2002.</subfield>
  </datafield>
  <datafield tag="300" ind1=" " ind2=" ">
    <subfield code="a">3 v.. :</subfield>
    <subfield code="b">il., fots., retrs. ;</subfield>
    <subfield code="c">32 cm.</subfield>
  </datafield>
  <datafield tag="500" ind1=" " ind2=" ">
    <subfield code="a">Texto en ingl&#xE9;s y espa&#xF1;ol</subfield>
  </datafield>
  <datafield tag="505" ind1="0" ind2=" ">
    <subfield code="t">Introducci&#xF3;n, p. 63 --</subfield>
    <subfield code="t">Primeros atisbos vanguardistas, p. 71 --</subfield>
    <subfield code="t">El signo Jaime Colson y la est&#xE9;tica del sacrificio a partir de 1930, p. 77 --</subfield>
    <subfield code="t">La generaci&#xF3;n del 40, p. 83 --</subfield>
    <subfield code="t">Fundaci&#xF3;n de la escuela nacional de Bellas Artes, p. 99 --</subfield>
    <subfield code="t">Lo mejor de la generaci&#xF3;n del 50, p. 105 --</subfield>
    <subfield code="t">Generaci&#xF3;n del 60, p. 135 --</subfield>
    <subfield code="t">Escuelas, academias y otros movimientos, p. 161 --</subfield>
    <subfield code="t">La acuarela y el dibujo, p. 167 --</subfield>
    <subfield code="t">Paisajistas notables, p. 177 --</subfield>
    <subfield code="t">Retratistas importantes, p. 187 --</subfield>
    <subfield code="t">La cer&#xE1;mica, p. 209 --</subfield>
    <subfield code="t">La escultura, p. 211 --</subfield>
    <subfield code="t">Muralistas importantes, p. 219 --</subfield>
    <subfield code="t">Contribuci&#xF3;n de artistas extranjeros al arte dominicano, p. 221 --</subfield>
    <subfield code="t">Historia de la fotograf&#xED;a en Santiago de los Caballeros, p. 243 --</subfield>
    <subfield code="t">La fotograf&#xED;a como realidad y arte, p. 247 --</subfield>
  </datafield>
  <datafield tag="505" ind1="0" ind2=" ">
    <subfield code="a">v. 2 --</subfield>
    <subfield code="t">Introducci&#xF3;n, p. 5 --</subfield>
    <subfield code="t">Generaci&#xF3;n de los 70, p. 13 --</subfield>
    <subfield code="t">La gravitaci&#xF3;n de los artistas independientes, p. 65 --</subfield>
    <subfield code="t">La generaci&#xF3;n del 80, p. 81 --</subfield>
    <subfield code="t">Generaci&#xF3;n de los 90, p. 157 --</subfield>
    <subfield code="t">Or&#xED;genes y evoluci&#xF3;n de la arquitectura dominicana, p. 173 --</subfield>
    <subfield code="t">Historia y aportes de las galer&#xED;as de arte, p. 209 --</subfield>
    <subfield code="t">Museo de Arte Moderno, p. 229 --</subfield>
    <subfield code="t">Museo Bellapart, p. 231 --</subfield>
    <subfield code="t">Chav&#xF3;n y sus aportes, p. 241 --</subfield>
    <subfield code="t">Coleccionistas, p. 243 --</subfield>
    <subfield code="t">Los aportes de la cr&#xED;tica de arte, p. 245 --</subfield>
    <subfield code="t">Asociaci&#xF3;n Dominicana de cr&#xED;ticos de arte (ADCA), p. 249 --</subfield>
    <subfield code="t">Colegio de artistas pl&#xE1;sticos, p. 253 --</subfield>
    <subfield code="t">Bienales nacionales, p. 255 --</subfield>
    <subfield code="t">Bienales del caribe, p. 261 --</subfield>
    <subfield code="t">Concursos de arte E. Le&#xF3;n Jimenes, p. 263 --</subfield>
  </datafield>
  <datafield tag="505" ind1="0" ind2=" ">
    <subfield code="a">v. 3 --</subfield>
    <subfield code="t">Biograf&#xED;as de los principales artistas de la pl&#xE1;stica dominicana (1844-2000), p. 79</subfield>
  </datafield>
  <datafield tag="590" ind1=" " ind2=" ">
    <subfield code="a">Inventariado, 2022/ YL</subfield>
  </datafield>
  <datafield tag="650" ind1=" " ind2="4">
    <subfield code="a">Arte dominicano</subfield>
    <subfield code="y">Siglo XX</subfield>
    <subfield code="9">23012</subfield>
  </datafield>
  <datafield tag="650" ind1=" " ind2="4">
    <subfield code="a">Artistas dominicanos </subfield>
    <subfield code="y">Siglo XX</subfield>
    <subfield code="9">82481</subfield>
    <subfield code="v">Biograf&#xED;as</subfield>
    <subfield code="v">Diccionarios</subfield>
  </datafield>
  <datafield tag="700" ind1="1" ind2=" ">
    <subfield code="a">Cabral, Altagracia Amelia</subfield>
    <subfield code="e">tr.</subfield>
    <subfield code="9">81436</subfield>
  </datafield>
  <datafield tag="700" ind1="1" ind2=" ">
    <subfield code="a">Nova, Luis </subfield>
    <subfield code="e">fots.</subfield>
    <subfield code="9">81437</subfield>
  </datafield>
  <datafield tag="700" ind1="1" ind2=" ">
    <subfield code="a">Thorman, Ricardo</subfield>
    <subfield code="e">fots.</subfield>
    <subfield code="9">59363</subfield>
  </datafield>
  <datafield tag="700" ind1="1" ind2=" ">
    <subfield code="a">Rom&#xE1;n, Rub&#xE9;n</subfield>
    <subfield code="e">fots.</subfield>
    <subfield code="9">80716</subfield>
  </datafield>
  <datafield tag="700" ind1="1" ind2=" ">
    <subfield code="a">Cortina, V&#xED;ctor Eugenio</subfield>
    <subfield code="e">fot.</subfield>
    <subfield code="9">43781</subfield>
  </datafield>
  <datafield tag="910" ind1=" " ind2=" ">
    <subfield code="a">YLockward/Validado. Control de calidad MFF</subfield>
  </datafield>
  <datafield tag="942" ind1=" " ind2=" ">
    <subfield code="2">ddc</subfield>
    <subfield code="c">LBS1</subfield>
  </datafield>
  <datafield tag="952" ind1=" " ind2=" ">
    <subfield code="0">0</subfield>
    <subfield code="1">0</subfield>
    <subfield code="2">ddc</subfield>
    <subfield code="5">1</subfield>
    <subfield code="7">0</subfield>
    <subfield code="8">PD</subfield>
    <subfield code="a">BNPHU</subfield>
    <subfield code="b">BNPHU</subfield>
    <subfield code="c">HD</subfield>
    <subfield code="d">2019-08-19</subfield>
    <subfield code="e">Librer&#xED;a Mateca</subfield>
    <subfield code="o">BNPHU PD 709.7293 G377s</subfield>
    <subfield code="p">2022-4169</subfield>
    <subfield code="r">2022-10-04</subfield>
    <subfield code="t">v. 1</subfield>
    <subfield code="w">2022-10-04</subfield>
    <subfield code="y">LBS1</subfield>
  </datafield>
  <datafield tag="952" ind1=" " ind2=" ">
    <subfield code="0">0</subfield>
    <subfield code="1">0</subfield>
    <subfield code="2">ddc</subfield>
    <subfield code="5">1</subfield>
    <subfield code="7">0</subfield>
    <subfield code="8">PD</subfield>
    <subfield code="a">BNPHU</subfield>
    <subfield code="b">BNPHU</subfield>
    <subfield code="c">HD</subfield>
    <subfield code="d">2019-08-19</subfield>
    <subfield code="e">Librer&#xED;a Mateca</subfield>
    <subfield code="o">BNPHU PD 709.7293  G377s</subfield>
    <subfield code="p">2022-4170</subfield>
    <subfield code="r">2022-10-04</subfield>
    <subfield code="t">v. 1, e. 2</subfield>
    <subfield code="w">2022-10-04</subfield>
    <subfield code="y">LBS1</subfield>
  </datafield>
  <datafield tag="952" ind1=" " ind2=" ">
    <subfield code="0">0</subfield>
    <subfield code="1">0</subfield>
    <subfield code="2">ddc</subfield>
    <subfield code="5">6</subfield>
    <subfield code="7">0</subfield>
    <subfield code="8">DS</subfield>
    <subfield code="a">BNPHU</subfield>
    <subfield code="b">BNPHU</subfield>
    <subfield code="c">HD</subfield>
    <subfield code="d">2019-08-19</subfield>
    <subfield code="e">Librer&#xED;a Mateca</subfield>
    <subfield code="o">BNPHU DS  709.7293 G377s</subfield>
    <subfield code="p">2022-4171</subfield>
    <subfield code="r">2022-10-04</subfield>
    <subfield code="t">v. 1, e. 3</subfield>
    <subfield code="w">2022-10-04</subfield>
    <subfield code="y">LBS1</subfield>
  </datafield>
  <datafield tag="952" ind1=" " ind2=" ">
    <subfield code="0">0</subfield>
    <subfield code="1">0</subfield>
    <subfield code="2">ddc</subfield>
    <subfield code="5">6</subfield>
    <subfield code="7">0</subfield>
    <subfield code="8">DS</subfield>
    <subfield code="a">BNPHU</subfield>
    <subfield code="b">BNPHU</subfield>
    <subfield code="c">HD</subfield>
    <subfield code="d">2019-08-19</subfield>
    <subfield code="e">Librer&#xED;a Mateca</subfield>
    <subfield code="o">BNPHU DS 709.7293  G377s</subfield>
    <subfield code="p">2022-4172</subfield>
    <subfield code="r">2022-10-04</subfield>
    <subfield code="t">v. 1, e. 4</subfield>
    <subfield code="w">2022-10-04</subfield>
    <subfield code="y">LBS1</subfield>
  </datafield>
  <datafield tag="952" ind1=" " ind2=" ">
    <subfield code="0">0</subfield>
    <subfield code="1">0</subfield>
    <subfield code="2">ddc</subfield>
    <subfield code="5">6</subfield>
    <subfield code="7">0</subfield>
    <subfield code="8">DS</subfield>
    <subfield code="a">BNPHU</subfield>
    <subfield code="b">BNPHU</subfield>
    <subfield code="c">HD</subfield>
    <subfield code="d">2019-08-19</subfield>
    <subfield code="e">Librer&#xED;a Mateca</subfield>
    <subfield code="o">BNPHU DS 709.7293 G377s</subfield>
    <subfield code="p">2022-4173</subfield>
    <subfield code="r">2022-10-04</subfield>
    <subfield code="t">v. 1, e. 5</subfield>
    <subfield code="w">2022-10-04</subfield>
    <subfield code="y">LBS1</subfield>
  </datafield>
  <datafield tag="952" ind1=" " ind2=" ">
    <subfield code="0">0</subfield>
    <subfield code="1">0</subfield>
    <subfield code="2">ddc</subfield>
    <subfield code="5">1</subfield>
    <subfield code="7">0</subfield>
    <subfield code="8">PD</subfield>
    <subfield code="a">BNPHU</subfield>
    <subfield code="b">BNPHU</subfield>
    <subfield code="c">HD</subfield>
    <subfield code="d">2019-08-19</subfield>
    <subfield code="e">Librer&#xED;a Mateca</subfield>
    <subfield code="o">BNPHU PD 709.7293 G377s</subfield>
    <subfield code="p">2022-4174</subfield>
    <subfield code="r">2022-10-04</subfield>
    <subfield code="t">v. 2</subfield>
    <subfield code="w">2022-10-04</subfield>
    <subfield code="y">LBS1</subfield>
  </datafield>
  <datafield tag="952" ind1=" " ind2=" ">
    <subfield code="0">0</subfield>
    <subfield code="1">0</subfield>
    <subfield code="2">ddc</subfield>
    <subfield code="5">1</subfield>
    <subfield code="7">0</subfield>
    <subfield code="8">PD</subfield>
    <subfield code="a">BNPHU</subfield>
    <subfield code="b">BNPHU</subfield>
    <subfield code="c">HD</subfield>
    <subfield code="d">2019-08-19</subfield>
    <subfield code="e">Librer&#xED;a Mateca</subfield>
    <subfield code="o">BNPHU PD 709.7293 G377s</subfield>
    <subfield code="p">2022-4175</subfield>
    <subfield code="r">2022-10-04</subfield>
    <subfield code="t">v. 2, e. 2</subfield>
    <subfield code="w">2022-10-04</subfield>
    <subfield code="y">LBS1</subfield>
  </datafield>
  <datafield tag="952" ind1=" " ind2=" ">
    <subfield code="0">0</subfield>
    <subfield code="1">0</subfield>
    <subfield code="2">ddc</subfield>
    <subfield code="5">6</subfield>
    <subfield code="7">0</subfield>
    <subfield code="8">DS</subfield>
    <subfield code="a">BNPHU</subfield>
    <subfield code="b">BNPHU</subfield>
    <subfield code="c">HD</subfield>
    <subfield code="d">2019-08-19</subfield>
    <subfield code="e">Librer&#xED;a Mateca</subfield>
    <subfield code="o">BNPHU DS 709.7293 G377s</subfield>
    <subfield code="p">2022-4176</subfield>
    <subfield code="r">2022-10-04</subfield>
    <subfield code="t">v. 2, e. 3</subfield>
    <subfield code="w">2022-10-04</subfield>
    <subfield code="y">LBS1</subfield>
  </datafield>
  <datafield tag="952" ind1=" " ind2=" ">
    <subfield code="0">0</subfield>
    <subfield code="1">0</subfield>
    <subfield code="2">ddc</subfield>
    <subfield code="5">6</subfield>
    <subfield code="7">0</subfield>
    <subfield code="8">DS</subfield>
    <subfield code="a">BNPHU</subfield>
    <subfield code="b">BNPHU</subfield>
    <subfield code="c">HD</subfield>
    <subfield code="d">2019-08-19</subfield>
    <subfield code="e">Librer&#xED;a Mateca</subfield>
    <subfield code="o">BNPHU DS 709.7293 G377s</subfield>
    <subfield code="p">2022-4177</subfield>
    <subfield code="r">2022-10-04</subfield>
    <subfield code="t">v. 2, e. 4</subfield>
    <subfield code="w">2022-10-04</subfield>
    <subfield code="y">LBS1</subfield>
  </datafield>
  <datafield tag="952" ind1=" " ind2=" ">
    <subfield code="0">0</subfield>
    <subfield code="1">0</subfield>
    <subfield code="2">ddc</subfield>
    <subfield code="5">6</subfield>
    <subfield code="7">0</subfield>
    <subfield code="8">DS</subfield>
    <subfield code="a">BNPHU</subfield>
    <subfield code="b">BNPHU</subfield>
    <subfield code="c">HD</subfield>
    <subfield code="d">2019-08-19</subfield>
    <subfield code="e">Librer&#xED;a Mateca</subfield>
    <subfield code="o">BNPHU DS 709.7293 G377s</subfield>
    <subfield code="p">2022-4179</subfield>
    <subfield code="r">2022-10-04</subfield>
    <subfield code="t">v. 2, e. 5</subfield>
    <subfield code="w">2022-10-04</subfield>
    <subfield code="y">LBS1</subfield>
  </datafield>
  <datafield tag="952" ind1=" " ind2=" ">
    <subfield code="0">0</subfield>
    <subfield code="1">0</subfield>
    <subfield code="2">ddc</subfield>
    <subfield code="5">1</subfield>
    <subfield code="7">0</subfield>
    <subfield code="8">PD</subfield>
    <subfield code="a">BNPHU</subfield>
    <subfield code="b">BNPHU</subfield>
    <subfield code="c">HD</subfield>
    <subfield code="d">2019-08-19</subfield>
    <subfield code="e">Librer&#xED;a Mateca</subfield>
    <subfield code="o">BNPHU PD 709.7293 G377s</subfield>
    <subfield code="p">2022-4180</subfield>
    <subfield code="r">2022-10-04</subfield>
    <subfield code="t">v. 3</subfield>
    <subfield code="w">2022-10-04</subfield>
    <subfield code="y">LBS1</subfield>
  </datafield>
  <datafield tag="952" ind1=" " ind2=" ">
    <subfield code="0">0</subfield>
    <subfield code="1">0</subfield>
    <subfield code="2">ddc</subfield>
    <subfield code="5">1</subfield>
    <subfield code="7">0</subfield>
    <subfield code="8">PD</subfield>
    <subfield code="a">BNPHU</subfield>
    <subfield code="b">BNPHU</subfield>
    <subfield code="c">HD</subfield>
    <subfield code="d">2019-08-19</subfield>
    <subfield code="e">Librer&#xED;a Mateca</subfield>
    <subfield code="o">BNPHU PD 709.7293 G377s</subfield>
    <subfield code="p">2022-4181</subfield>
    <subfield code="r">2022-10-04</subfield>
    <subfield code="t">v. 3, e. 2</subfield>
    <subfield code="w">2022-10-04</subfield>
    <subfield code="y">LBS1</subfield>
  </datafield>
  <datafield tag="952" ind1=" " ind2=" ">
    <subfield code="0">0</subfield>
    <subfield code="1">0</subfield>
    <subfield code="2">ddc</subfield>
    <subfield code="5">6</subfield>
    <subfield code="7">0</subfield>
    <subfield code="8">DS</subfield>
    <subfield code="a">BNPHU</subfield>
    <subfield code="b">BNPHU</subfield>
    <subfield code="c">HD</subfield>
    <subfield code="d">2019-08-19</subfield>
    <subfield code="e">Librer&#xED;a Mateca</subfield>
    <subfield code="o">BNPHU DS 709.7293 G377s</subfield>
    <subfield code="p">2022-4182</subfield>
    <subfield code="r">2022-10-04</subfield>
    <subfield code="t">v. 3, e. 3</subfield>
    <subfield code="w">2022-10-04</subfield>
    <subfield code="y">LBS1</subfield>
  </datafield>
  <datafield tag="952" ind1=" " ind2=" ">
    <subfield code="0">0</subfield>
    <subfield code="1">0</subfield>
    <subfield code="2">ddc</subfield>
    <subfield code="5">6</subfield>
    <subfield code="7">0</subfield>
    <subfield code="8">DS</subfield>
    <subfield code="a">BNPHU</subfield>
    <subfield code="b">BNPHU</subfield>
    <subfield code="c">HD</subfield>
    <subfield code="d">2019-08-19</subfield>
    <subfield code="e">Librer&#xED;a Mateca</subfield>
    <subfield code="o">BNPHU DS 709.7293 G377s</subfield>
    <subfield code="p">2022-4183</subfield>
    <subfield code="r">2022-10-04</subfield>
    <subfield code="t">v. 3, e. 4</subfield>
    <subfield code="w">2022-10-04</subfield>
    <subfield code="y">LBS1</subfield>
  </datafield>
  <datafield tag="952" ind1=" " ind2=" ">
    <subfield code="0">0</subfield>
    <subfield code="1">0</subfield>
    <subfield code="2">ddc</subfield>
    <subfield code="5">6</subfield>
    <subfield code="7">0</subfield>
    <subfield code="8">DS</subfield>
    <subfield code="a">BNPHU</subfield>
    <subfield code="b">BNPHU</subfield>
    <subfield code="c">HD</subfield>
    <subfield code="d">2019-08-19</subfield>
    <subfield code="e">Librer&#xED;a Mateca</subfield>
    <subfield code="o">BNPHU DS 709.7293 G377s</subfield>
    <subfield code="p">2022-4184</subfield>
    <subfield code="r">2022-10-04</subfield>
    <subfield code="t">v. 3, e. 5</subfield>
    <subfield code="w">2022-10-04</subfield>
    <subfield code="y">LBS1</subfield>
  </datafield>
  <datafield tag="999" ind1=" " ind2=" ">
    <subfield code="c">52511</subfield>
    <subfield code="d">52511</subfield>
  </datafield>
</record>
